| 000 | 00585nam a2200217 a 4500 | ||
|---|---|---|---|
| 999 |
_c8510 _d8510 |
||
| 001 | 8510 | ||
| 003 | BD-JhCC | ||
| 005 | 20180226175841.0 | ||
| 008 | 180226s1976 i a|||| || | 000 0 eng d | ||
| 035 | _a(BD-JhCC)8510 | ||
| 040 |
_aBD-JhCC _dBD-JhCC |
||
| 041 | _aeng | ||
| 082 |
_a519.5 _bGUP 1976 |
||
| 100 | _aGupta, S. C. | ||
| 245 |
_aFundamentals of Mathematical Statistics / _cS. C. Gupta and V. K. Kapoor |
||
| 260 |
_aNew Delhi : _bEducational Publishers, _c1976. |
||
| 300 |
_aVerious Pages. _bill. ; _c20 cm. |
||
| 650 | _aStatistics | ||
| 942 |
_2ddc _cBK |
||